logo

Bir Sreshtho Munshi Abdur Rouf Library
Jhenaidah Cadet College

A text book of electrical technology for the examinations of B. Sc. (Record no. 8588)

MARC details
000 -LEADER
fixed length control field 00772cam a2200241u 4500
001 - CONTROL NUMBER
JCCL Control Number 8588
003 - CONTROL NUMBER IDENTIFIER
JCCL marc code BD-JhCC
005 - DATE AND TIME OF LATEST TRANSACTION
control field 20200228134007.0
008 - FIXED-LENGTH DATA ELEMENTS--GENERAL INFORMATION
fixed length control field 830523s1962 ii a 000 0 eng
035 ## - SYSTEM CONTROL NUMBER
system control number (BD-JhCC)8588
040 ## - CATALOGING SOURCE
Original cataloging agency DLC
Transcribing agency CarP
Modifying agency DLC
-- BD-JhCC
041 ## - LANGUAGE CODE
Language code of Book eng
050 00 - LIBRARY OF CONGRESS CALL NUMBER
Classification number TK146
Item number .T435 1962
082 ## - DEWEY DECIMAL CLASSIFICATION NUMBER
Author mark and Year THE 1962
Classification number 621.3
100 1# - MAIN ENTRY--PERSONAL NAME
Personal name Theraja, B. L. [from old catalog]
245 02 - TITLE STATEMENT
Title A text book of electrical technology for the examinations of B. Sc.
Remainder of title (Engg.); sec.
Statement of responsibility, etc A & B of A. M. I. E. (I); A. M. I. E. E. (London); city & guilds (London) grad.
250 ## - EDITION STATEMENT
Edition statement [3d ed.]
260 ## - PUBLICATION, DISTRIBUTION, ETC. (IMPRINT)
Place of publication, distribution, etc New Delhi,
Name of publisher, distributor, etc Tech India Publications,
Date of publication, distribution, etc 1962.
300 ## - PHYSICAL DESCRIPTION
Pagination 1337 p.
Other physical details illus.
Dimensions 23 cm.
650 #0 - SUBJECT ADDED ENTRY--TOPICAL TERM
Topical term or geographic name as entry element Electrical engineering.
942 ## - ADDED ENTRY ELEMENTS (KOHA)
Source of classification or shelving scheme Dewey Decimal Classification
Koha item type Books
Koha issues (borrowed), all copies 2
Holdings
Source of classification or shelving scheme Damaged status Not for loan Home library Current library Shelving location Total Checkouts Full call number Barcode Date last seen Date checked out Copy number Koha item type
Dewey Decimal Classification     JCC Rouf Library JCC Rouf Library General Stacks 1 621.3 THE 1962 11219 03/16/2021 02/27/2020 C - 1 Books

JCC Library | Contacts | JCC Home

Last Update on 23 September 2017
Copyright @ 2017-2020 JCC Rouf Library
Rouf Library, Jhenidah Cadet College (JCC), Bangladesh